<?xml version="1.0" encoding="UTF-8"?>
<record
    xmlns:xsi="http://www.w3.org/2001/XMLSchema-instance"
    xsi:schemaLocation="http://www.loc.gov/MARC21/slim http://www.loc.gov/standards/marcxml/schema/MARC21slim.xsd"
    xmlns="http://www.loc.gov/MARC21/slim">

  <leader>00936nam a2200205 a 4500</leader>
  <controlfield tag="008">011117e1995    ag  |||g |||| 000 1 spa d</controlfield>
  <datafield tag="020" ind1=" " ind2=" ">
    <subfield code="a">9505460791</subfield>
  </datafield>
  <datafield tag="041" ind1=" " ind2=" ">
    <subfield code="a">spa</subfield>
  </datafield>
  <datafield tag="092" ind1=" " ind2=" ">
    <subfield code="c">808</subfield>
    <subfield code="l">51</subfield>
    <subfield code="s">MEN</subfield>
  </datafield>
  <datafield tag="100" ind1="1" ind2=" ">
    <subfield code="a">Menapace, Mamerto</subfield>
    <subfield code="9">4139</subfield>
  </datafield>
  <datafield tag="245" ind1=" " ind2=" ">
    <subfield code="a">Madera verde /</subfield>
    <subfield code="c">Mamerto Menapace</subfield>
  </datafield>
  <datafield tag="250" ind1=" " ind2=" ">
    <subfield code="a">14a ed.</subfield>
  </datafield>
  <datafield tag="260" ind1=" " ind2=" ">
    <subfield code="a">Buenos Aires:</subfield>
    <subfield code="b">Patria Grande;</subfield>
    <subfield code="c">1995.</subfield>
  </datafield>
  <datafield tag="300" ind1=" " ind2=" ">
    <subfield code="a">130 p.</subfield>
  </datafield>
  <datafield tag="500" ind1=" " ind2=" ">
    <subfield code="a">Menapace, M. (1995). Madera verde. (14a ed.). Buenos Aires : Patria Grande.</subfield>
  </datafield>
  <datafield tag="520" ind1=" " ind2=" ">
    <subfield code="a">Si lo quieto es posesi&#xF2;n,  el movimiento es esperanza. Y esperanza de posesi&#xF2;n plena donde no existir&#xE0; ni lo m&#xEC;o ni lo tuyo.
Porque all&#xEC; no habr&#xE0; due&#xF1;os. All&#xEC; nadie impondr&#xE0; su nombre a los dem&#xE0;s ni al paisaje porque cada uno tendr&#xE0; su propio nombre y todos seremos para todos, justamente por ser aut&#xE8;nticamente nosotros mismos.</subfield>
  </datafield>
  <datafield tag="590" ind1=" " ind2=" ">
    <subfield code="a">Donaci&#xF3;n. Proyecto Literatura 4to libro</subfield>
  </datafield>
  <datafield tag="655" ind1=" " ind2=" ">
    <subfield code="a">Literatura</subfield>
    <subfield code="9">2917</subfield>
  </datafield>
  <datafield tag="942" ind1=" " ind2=" ">
    <subfield code="2">ddc</subfield>
    <subfield code="c">LIT</subfield>
  </datafield>
  <datafield tag="999" ind1=" " ind2=" ">
    <subfield code="c">3099</subfield>
    <subfield code="d">3099</subfield>
  </datafield>
  <datafield tag="952" ind1=" " ind2=" ">
    <subfield code="0">0</subfield>
    <subfield code="1">0</subfield>
    <subfield code="2">ddc</subfield>
    <subfield code="4">0</subfield>
    <subfield code="7">0</subfield>
    <subfield code="a">BFM</subfield>
    <subfield code="b">BFM</subfield>
    <subfield code="c">CR</subfield>
    <subfield code="d">2021-03-15</subfield>
    <subfield code="e">Donaci&#xF3;n Constanzo, Juan Carlos. Marzo 2021</subfield>
    <subfield code="l">0</subfield>
    <subfield code="o">808 51 MEN</subfield>
    <subfield code="p">4658</subfield>
    <subfield code="r">2021-03-15</subfield>
    <subfield code="t">Ej. 1</subfield>
    <subfield code="w">2021-03-15</subfield>
    <subfield code="y">LIT</subfield>
    <subfield code="z">Donaci&#xF3;n Constanzo, Juan Carlos. Marzo 2021</subfield>
  </datafield>
</record>
